000
00312 a2200109 4500
001
ART_30503
005
20260410162003.0
008
260409a
245
1
0
_a
Fundamentalismo y teologismo
100
1
_a
Sánchez Parodi, Horacio M.
773
0
_t
Foro político
_g
- Vol. XX (ago. 1997)
_w
REV30389
999
_c
31475
_d
31475